|
|
|
|
| LEADER |
00000cam a2200000 7i4500 |
| 001 |
0000024747 |
| 005 |
20130313.0 |
| 008 |
130313 xxua eng |
| 020 |
|
|
|a 9780324314106
|a RM135.72
|
| 040 |
|
|
|a INS
|
| 090 |
0 |
0 |
|a HD1375
|b H36 2006
|
| 100 |
1 |
|
|a Hamilton, Dan
|
| 245 |
1 |
0 |
|a Real estate marketing and sales essentials :
|b steps for success
|c Dan Hamilton
|
| 260 |
|
|
|a Australia :
|b Thomson ,
|c 2006
|
| 300 |
|
|
|a viii, 436p. :
|b ill. ;
|c 23cm.
|
| 500 |
|
|
|a Includes index
|
| 650 |
0 |
0 |
|a Real estate business
|
| 650 |
0 |
0 |
|a Real property
|x Marketing
|
| 999 |
|
|
|a 1000001121
|b BOOK
|c Open Shelf
|e Default branch
|